000 01012nam a2200241Ia 4500
008 240709s2024 sp 000 0 spa d
041 _aspa
100 1 _912108
_aGOMEZ GORDILLO, Rafael
245 1 3 _aEl principio de igualdad retributiva en la negociación colectiva
_c/ Rafael Gómez Gordillo
260 _a[Madrid] :
_bSecretaría Confederal de la Mujeres e Igualdad de Comisiones Obreras,
_c2024
300 _a2 p. ;
_c 30 cm
500 _aEn: Trabajadora, n. 83 (julio 2024), p. 8-9
650 0 _aIGUALDAD DE REMUNERACION
_9402
650 0 _aSALARIO
_971
650 0 _aNEGOCIACION COLECTIVA
_974
650 0 _aRELACIONES LABORALES
_954
650 0 _aDISCRIMINACION POR RAZONES DE SEXO
_9201
650 0 _aIGUALDAD DE GENERO
_95513
710 2 _aCCOO
_bConfederación Sindical
_bSecretaría de Mujeres, Igualdad y Condiciones de Trabajo
_91831
856 _zPDF
_uhttps://docpublicos.ccoo.es/cendoc/068457PrincipioIgualdadRetributiva.pdf
907 _aIgualdad de Oportunidades
942 _cDOCU_ELEC
_2ddc
999 _c59943
_d59943